Derecho indígena: Bases, territorio y consulta.
Guardat en:
| Autor principal: | |
|---|---|
| Altres autors: | |
| Format: | Desconegut |
| Publicat: |
Santiago, Chile:
Thomson Reuters,
2025
|
| Edició: | 1a. edición. |
| Col·lecció: | Monografías.
|
| Matèries: | |
| Etiquetes: |
Afegir etiqueta
Sense etiquetes, Sigues el primer a etiquetar aquest registre!
|
MARC
| LEADER | 00000 a2200000 4500 | ||
|---|---|---|---|
| 003 | CL-VaPUC | ||
| 005 | 20250509154512.0 | ||
| 008 | 250505t2025 ||||| |||| 00| 0 eng d | ||
| 999 | |c 449248 |d 449246 | ||
| 020 | |a 978-956-400-644-4 | ||
| 040 | |c Pontificia Universidad Católica de Valparaíso | ||
| 082 | |a 342.830872 PRE 2025 | ||
| 100 | |a Precht Pizarro, Jorge Enrique |9 902533 |e autor | ||
| 245 | |a Derecho indígena: |b Bases, territorio y consulta. | ||
| 250 | |a 1a. edición. | ||
| 260 | |a Santiago, Chile: |b Thomson Reuters, |c 2025 | ||
| 300 | |a ix, 392 páginas. | ||
| 490 | |a Monografías. | ||
| 583 | |k GC |c 20250505 | ||
| 650 | 0 | |9 902595 |a Derecho indígena |z Chile | |
| 650 | 0 | |9 357564 |a Pueblos indígenas |x Estado legal |z Chile | |
| 650 | 0 | |9 534778 |a Territorios indígenas |x Legislación y leyes |z Chile | |
| 700 | |9 597861 |a Precht Rorris, Alejandra |e autora | ||
| 942 | |2 ddc |c BK | ||
| 952 | |0 0 |1 0 |2 ddc |4 0 |6 342_830872000000000_PRE_2025 |7 0 |8 A |9 602847 |a BIBDER |b BIBDER |d 2025-05-02 |e 31 |g 0.00 |i 5667328 |o 342.830872 PRE 2025 |p 5667328 |r 2025-05-02 |t 1 |v 0.00 |w 2025-05-02 |y BK |k DER | ||